000 00901nam a22002417a 4500
999 _c18814
_d18814
003 AR-CdUCM
008 190515b ||||| |||| 00| 0 spa d
040 _aMUNICIPALIDAD PROVINCIAL DEL CUSCO
_cBIBLIOTECA MUNICIPAL DEL CUSCO
041 _hfre
082 _a392 /
_bW78
100 _aWolfromm, Héléne Michel
_939644
245 _aLos conflictos sexuales de la mujer /
260 _aMéxico :
_bExtemporaneso,
_c1973.
300 _a456 paginas ;
_c20 cm.
500 _aTitulo original : Cette Chose-la
505 _aContenido : Estudio de los conflictos sexuales de la mujer -- El ideal no es la norma -- La gran lamentación del siglo XX -- Los pretextos invocados ...
650 _aConflictos sociales
_9343
650 _aLa mujer
_936038
650 _aEntre ellas
_939645
700 _aGarzon del Camino, Aurelio (Traducción)
_939646
942 _2ddc
_cLIBROS
945 _awnts
_d2019-05-15